000 00219 a2200109 4500
001 51249
040 _cAnchieta - Pituba
240 1 0 _aDeutsch.com.1
_l
245 1 0 _aDeutsch.com.1
650 4 _aLíngua alemã
942 _cMX
999 _c51249
_d51249